Typing of Words - "Hippopotomonstrosesquipedaliophobia" - Statistics

General Stats
  • This quiz has been taken 39 times
  • The average score is 24 of 35
Answer Stats
Letter % Correct
H
100%
I
100%
O
100%
P
100%
P
100%
M
88%
O
88%
O
88%
O
88%
P
88%
T
88%
N
75%
R
75%
S
75%
T
75%
E
63%
E
63%
I
63%
O
63%
P
63%
Q
63%
S
63%
S
63%
U
63%
A
50%
D
50%
I
50%
L
50%
A
38%
B
38%
H
38%
I
38%
O
38%
O
38%
P
38%
No matching quizzes found
Score Distribution
Percent of People with Each Score
Percentile by Number Answered
Your Score History
You have not taken this quiz